Personnages de fiction et réel en citrouille - Statistiques

Statistiques générales
  • Ce quiz a été pris 541 fois
    511 depuis la dernière actualisation
  • Le résultat moyen est 10 sur 12
Statistiques - réponses
Par images Réponse % Correct
Spiderman
100%
Mario
98%
Mickey
98%
Hulk
97%
Joker
92%
Chucky
91%
Elsa
91%
Deadpool
89%
Groot
87%
Ça
85%
Prince
59%
Freddy Krueger
48%
Aucun quiz correspondant
Distribution des résultats
% des personnes avec chaque résultat
Percentile par nombre de réponses
Votre historique - résultats
Vous n’avez pas pris ce quiz depuis la dernière actualisation